| 000 | 00448nam a2200169 i 4500 | ||
|---|---|---|---|
| 001 | 100398 | ||
| 003 | ES-MaACL | ||
| 005 | 20230906182652.0 | ||
| 007 | t| | ||
| 008 | 050928s1972 sp ||||1| cat d | ||
| 100 | 1 |
_aMas, Ramón. _978622 |
|
| 245 | 1 | 0 |
_aCamins pagesos de Catalunya... / _cRamón Mas. |
| 250 | _a[1ª ed.]. | ||
| 260 |
_aBarcelona : _bNova Terra, _c1972. |
||
| 300 |
_a195 p. ; _c20 cm. |
||
| 852 |
_aES-MaACL _jC-48087 _bR.82100 |
||
| 999 |
_c100398 _d100398 |
||